000 00608nam a2200229 a 4500
001 BRCA_8313
005 20190320210225.0
008 230614s1955----gw-####f##---#000-0#ger-#
041 _ager
044 _agw
050 4 _aHC286.5
_b.W3 1955
100 1 _aWallch, Henry C.
_920756
245 1 0 _aTriebkräfte des deutschen wiederaufstiegs
_cHenry C. Wallch.
260 _aFrancfurt
_cKnapp
_e1955
300 _a374 p.
_c21 cm.
500 _aS139
650 1 4 _aIndustria
_zAlemania
_920757
650 1 4 _aEconomía
_zAlemania
_914494
651 4 _aAlemania
_xHistoria
_95819
902 _aGFM
942 _2lcc
_cB
999 _c7981
_d7981